| 000 | 00825cam a2200241 i 4500 | ||
|---|---|---|---|
| 999 |
_c3998 _d3998 |
||
| 003 | ALUPE UNIVERSITY COLLEGE | ||
| 005 | 20220224093315.0 | ||
| 008 | 800924s1980 moua b 001 0 eng | ||
| 020 | _a0801610710 | ||
| 040 | _cALUPE UNIVERSITY COLLEGE | ||
| 050 | 0 | 0 |
_aRD731 _b.C36 1980 |
| 100 | 1 |
_aCampbell, Willis C. _d1880-1941. |
|
| 245 | 1 | 0 |
_aCampbell's Operative orthopaedics / _ceditors, Allen S. Edmonson, A. H. Crenshaw. |
| 250 | _a6th ed. | ||
| 260 |
_aSt. Louis : _bC. V. Mosby Co., _cc1980. |
||
| 300 |
_a2 v. (xiii, 2433, 87 p.) : _bill. ; _c29 cm. |
||
| 504 | _aIncludes bibliographical references and index. | ||
| 650 | 0 | _aOrthopedic surgery. | |
| 700 | 1 | _aEdmonson, Allen S. | |
| 700 | 1 |
_aCrenshaw, A. H. _q(Andrew Hoyt), _d1920- |
|
| 906 |
_a7 _bcbc _corignew _d1 _eocip _f19 _gy-gencatlg |
||
| 942 |
_2lcc _cBK |
||